<?xml version="1.0" encoding="UTF-8"?>
<marc:record xmlns:marc="http://www.loc.gov/MARC21/slim">
   <marc:leader>00000nam a2200000 a 4500</marc:leader>
   <marc:datafield ind1="1" ind2=" " tag="100">
      <marc:subfield code="a">Lindgren, Astrid</marc:subfield>
   </marc:datafield>
   <marc:datafield ind1="1" ind2=" " tag="100">
      <marc:subfield code="a">Johansson, Tomas</marc:subfield>
   </marc:datafield>
   <marc:datafield ind1="1" ind2=" " tag="100">
      <marc:subfield code="a">Husbom, Jan Erik</marc:subfield>
   </marc:datafield>
   <marc:datafield ind1="1" ind2=" " tag="100">
      <marc:subfield code="a">Andersson, Kaj</marc:subfield>
   </marc:datafield>
   <marc:datafield ind1="1" ind2=" " tag="100">
      <marc:subfield code="a">Hellbom, Olle</marc:subfield>
   </marc:datafield>
   <marc:datafield ind1="0" ind2="0" tag="245">
      <marc:subfield code="a">Wir Kinder aus Bullerbü [Bildtonträger]</marc:subfield>
   </marc:datafield>
   <marc:datafield ind1="0" ind2="0" tag="245">
      <marc:subfield code="c">Regie: Olle Hellbom. Mit Kaj Andersson, Jan Erik Husbom, Tomas Johansson. Nach Astrid Lindgren</marc:subfield>
   </marc:datafield>
   <marc:datafield ind1=" " ind2="1" tag="264">
      <marc:subfield code="b">Universum Film GmbH</marc:subfield>
      <marc:subfield code="c">2005</marc:subfield>
   </marc:datafield>
   <marc:datafield ind1="1" ind2=" " tag="520">
      <marc:subfield code="a">Bullerbü - das ist ein kleiner Ort in Schweden, ein paar Häuser, etliche Felder, Wälder und Seen. Und die Kinder aus Bullerbü - das sind natürlich Lisa, Inga, Britta, Olle, Bosse, Lasse und, nicht zu vergessen, die kleine Kerstin. Wenn sogar die Schulzeit in Bullerbü fast nur angenehme Seiten hat, was soll man da erst von den endlos langen Sommerferien erwarten? Lisa, Britta und Inga, Lasse, Bosse und Olle wissen, was die Sommermonate für sie bedeuten Die schönste Zeit des Jahres. Wenn die Nächte nicht dunkel werden, kann man endlich den Wassergeist belauschen, kann in der Scheune übernachten oder Krebse fangen. Wenn die Tage endlos scheinen, dann ist sogar der weite Weg zum Krämer ein Erlebnis...</marc:subfield>
   </marc:datafield>
   <marc:datafield ind1=" " ind2=" " tag="020">
      <marc:subfield code="a">2876554359</marc:subfield>
      <marc:subfield code="9">2876554359</marc:subfield>
   </marc:datafield>
   <marc:datafield ind1=" " ind2=" " tag="500">
      <marc:subfield code="a">Orig. : 1986. Sprache: Schwedisch (Stereo), Deutsch (Stereo)</marc:subfield>
   </marc:datafield>
   <marc:datafield ind1="0" ind2=" " tag="490">
      <marc:subfield code="v">0</marc:subfield>
   </marc:datafield>
   <marc:datafield ind1=" " ind2=" " tag="300">
      <marc:subfield code="a">1 DVD (91 Min.) : farbig</marc:subfield>
   </marc:datafield>
</marc:record>
